Newnes instrumentation and measurement pocket book / (Record no. 5981)

MARC details
000 -LEADER
fixed length control field 00860nac a22002411u 4500
010 ## - LIBRARY OF CONGRESS CONTROL NUMBER
LC control number 96047098
020 ## - INTERNATIONAL STANDARD BOOK NUMBER
International Standard Book Number 0750628855
082 00 - DEWEY DECIMAL CLASSIFICATION NUMBER
Classification number 681.2
Item number BOL
090 ## - LOCALLY ASSIGNED LC-TYPE CALL NUMBER (OCLC); LOCAL CALL NUMBER (OCLC)
-- 5981
-- 5981
100 ## - MAIN ENTRY--PERSONAL NAME
Personal name Bolton, W.
245 10 - TITLE STATEMENT
Title Newnes instrumentation and measurement pocket book /
Statement of responsibility, etc W. Bolton.
246 18 - VARYING FORM OF TITLE
Title proper/short title Newnes instrumentation & measurement pocket book
246 18 - VARYING FORM OF TITLE
Title proper/short title Instrumentation and measurement pocket book
250 ## - EDITION STATEMENT
Edition statement 2nd ed.
260 ## - PUBLICATION, DISTRIBUTION, ETC. (IMPRINT)
Place of publication, distribution, etc Oxford [England] ;
-- Boston :
Name of publisher, distributor, etc Newnes,c.1996.
Date of publication, distribution, etc c.1996.
300 ## - PHYSICAL DESCRIPTION
Extent viii, 295 p. :
Other physical details ill. ;
Dimensions 20 cm.
500 ## - GENERAL NOTE
General note Includes index.
500 ## - GENERAL NOTE
General note Distributer: Al-Ahram.
511 ## - PARTICIPANT OR PERFORMER NOTE
Participant or performer note Catalogued By: Mahitab.
650 #0 - SUBJECT ADDED ENTRY--TOPICAL TERM
Topical term or geographic name as entry element Engineering instruments
General subdivision Handbooks, manuals, etc.
650 #0 - SUBJECT ADDED ENTRY--TOPICAL TERM
Topical term or geographic name as entry element Engineering
General subdivision Measurement
-- Handbooks, manuals, etc.
942 ## - ADDED ENTRY ELEMENTS (KOHA)
Item type Book - Borrowing
Call number prefix 681.2BOL
Holdings
Withdrawn status Item status Damaged status Not for loan Home library Current library Shelving location Date acquired Source of acquisition Total Checkouts Full call number Barcode Date last seen Koha item type
        Central Library Central Library First floor 07/11/2011 Purchase   681.2BOL 000006958 15/07/2025 Book - Borrowing